| 000 | 00453nam a2200181Ia 4500 | ||
|---|---|---|---|
| 005 | 20240823005858.0 | ||
| 008 | 240823s9999||||xx |||||||||||||| ||und|| | ||
| 082 | _A005.133 N8 | ||
| 100 | _aRajasekar E | ||
| 245 | 0 | _aStructured Cobol Programming with Cobol 85 | |
| 250 | _a1st | ||
| 260 |
_c1998 _b"Anuradha,Kumbakonam" |
||
| 500 | _aYES | ||
| 650 |
_aProgramming _bComputer Applications |
||
| 700 | _a Selvi S | ||
| 942 | _cBK | ||
| 999 |
_c156992 _d156992 |
||